000 01136nam a2200241Ia 4500
008 0000002005 usad 0000000000eng00
090 _aPUS00 J84j
245 1 0 _aJules Olitski
_b: six decades
_c/ curated by Karen Wilkin ; photography Jimm Roberts
300 _a55 p.
_c/ 23 cm.
500 _aExposición realizada en The Goldman Warehouse, Miami, febrero 18 a abril 15 de 2005 \ Artista nacido en Rusia y nacionalizado en Estados Unidos \ Incluye datos biográficos del artista \ Registro auspiciado por la FGAA. Bogotá
501 _aThe evution of Jules Olitski : siX decades / Karen Wilkin Color field painting, Jules Olitski in conteXt / Karen Wilkin
600 0 0 _aOLITSKI, JULES, 1922/
_xTRABAJOS ARTISTICOS
650 1 4 _aARTE CONTEMPORANEO ESTADOUNIDENSE
650 1 4 _aARTISTAS PLASTICOS ESTADOUNIDENSES
650 1 4 _xCATALOGOS
650 1 4 _xEXPOSICIONES
650 1 4 _aPINTORES ESTADOUNIDENSES
650 1 4 _aPINTURA ACRILICA (ARTE)
650 1 4 _aPINTURA AL OLEO
650 1 4 _aPINTURA ESTADOUNIDENSE
700 1 _aWilkin, Karen \ Roberts, Jimm
999 _c10951
_d10951
260 _aMiami : The Goldman Warehouse
_c2005